000 00506nam a2200169Ia 4500
003 OSt
005 20210908125337.0
008 190216s9999||||xx |||||||||||||| ||und||
040 _coclc
082 _a892.7
_bALK/M
100 _aAl Khasimi, Abdul Gafoor Abdullah
_98718
245 0 _aAl Muslimuna Fi Kerala /
_cAbdul Gafoor Abdullah Al Khasimi
260 _bAl Huda Book Stall,
_c2000.
_aCalicut:
300 _a205p
650 _aArabic
942 _cBK
_2ddc
_h892.7
_iALK/M
_k892.7
_mALK/M
999 _c843
_d843